000 00543nam a2200169Ia 4500
008 090201s9999 xx 000 0 und d
010 _aKPL-9568
040 _bमराठी
041 _aमराठी
082 _a42975
_b9568
100 _aभीमराव कुलकर्णी
245 _aपारिजात
_cभीमराव कुलकर्णी
260 _c2005
_bकॉन्टीनेंटल प्रकाशन
300 _a167
_bमोठा
600 _aपारिजात
942 _cBOOK
999 _c240029
_d240029